[Event "Championnat de Paris open Fide"]
[Site "Paris"]
[Date "2016.07.14"]
[Round "6.13"]
[White "Kulkarni, Rakesh"]
[Black "Eggleston, David J"]
[Result "1/2-1/2"]
[WhiteElo "2296"]
[BlackElo "2376"]
[PlyCount "147"]
[EventDate "2016.??.??"]

1. e4 c5 2. c3 Nf6 3. e5 Nd5 4. d4 cxd4 5. Nf3 Nc6 6. cxd4 d6 7. Bc4 e6 8. O-O
Be7 9. Bd2 O-O 10. Nc3 dxe5 11. dxe5 Nb6 12. Bb3 Na5 13. Bc2 Nac4 14. Qe2 Nxd2
15. Nxd2 Bd7 16. Nde4 Bc6 17. Rad1 Qc7 18. Nf6+ Bxf6 19. exf6 Qf4 20. fxg7 Rfd8
21. Rd3 Rxd3 22. Qxd3 Qh6 23. Rd1 Nd5 24. Nxd5 Bxd5 25. Bb3 Bc6 26. Bc2 Kxg7
27. Qd4+ f6 28. Ba4 b5 29. Qd6 Bxg2 30. Qe7+ Kh8 31. Rd8+ Rxd8 32. Qxd8+ Kg7
33. Qc7+ Kg8 34. Qc8+ Kg7 35. Qd7+ Kh8 36. Kxg2 bxa4 37. Qc8+ Kg7 38. Qb7+ Kg6
39. Qe4+ Kf7 40. Qxa4 Qg6+ 41. Kf3 Qd3+ 42. Kg2 Qg6+ 43. Kh3 Qh5+ 44. Kg3 Qg6+
45. Qg4 Qd3+ 46. f3 Qc2 47. Qe4 Qc7+ 48. Kh3 f5 49. Qh4 Ke8 50. Qf6 Qe7 51. Qd4
e5 52. Qd5 Kf8 53. b4 Kg7 54. b5 Kg6 55. Qg8+ Kh5 56. Kg2 e4 57. f4 h6 58. a4
e3 59. Kf1 Qd7 60. Qb3 Qd2 61. Qf7+ Kg4 62. Qg6+ Kxf4 63. Qxh6+ Ke4 64. Qc6+
Kd4 65. Qf3 Qd3+ 66. Ke1 Kc3 67. a5 f4 68. b6 axb6 69. axb6 Qb1+ 70. Ke2 Qb5+
71. Ke1 Qb1+ 72. Ke2 Qd3+ 73. Ke1 Qb1+ 74. Ke2 1/2-1/2

[Event "Championnat de Paris open Fide"]
[Site "Paris"]
[Date "2016.07.14"]
[Round "6.14"]
[White "Iglesias, Joachim"]
[Black "Bergez, Luc"]
[Result "0-1"]
[WhiteElo "2281"]
[BlackElo "2341"]
[PlyCount "132"]
[EventDate "2016.??.??"]

1. d4 Nf6 2. Nf3 g6 3. Nbd2 Bg7 4. e4 d6 5. Bd3 O-O 6. O-O Nc6 7. c3 e5 8. h3
Nh5 9. Nb3 h6 10. Bb5 Qf6 11. Bxc6 bxc6 12. dxe5 dxe5 13. Qe2 Re8 14. Rd1 Bf8
15. Be3 Kh7 16. Rd2 a5 17. Nc5 Nf4 18. Bxf4 Bxc5 19. Be3 Ba6 20. c4 Bb4 21. Rc2
Qe6 22. Bd2 Red8 23. Qe3 Bf8 24. b3 a4 25. Bc3 f6 26. Rd2 Bd6 27. Rad1 c5 28.
Rd3 axb3 29. axb3 Bb7 30. Bd2 Bf8 31. Bc3 Rd4 32. Bxd4 exd4 33. Nxd4 cxd4 34.
Qxd4 Bc6 35. f3 Bd6 36. Qc3 h5 37. Rxd6 cxd6 38. Qd4 Rd8 39. b4 Ba4 40. Ra1 Bb3
41. Ra7+ Kg8 42. Qe3 Qxc4 43. Rb7 Rc8 44. Kh2 Qc3 45. Qxc3 Rxc3 46. b5 Bf7 47.
Rd7 Be8 48. Rxd6 Kf7 49. Rb6 Rb3 50. Rb7+ Ke6 51. b6 h4 52. f4 Bc6 53. Rh7 Bxe4
54. Rxh4 Kf5 55. g4+ Kxf4 56. g5+ Kf3 57. gxf6 Rb2+ 58. Kg1 Rxb6 59. f7 Rf6 60.
Kh2 Rxf7 61. Rg4 Ra7 62. Rg3+ Kf2 63. Rg4 Ra2 64. Rf4+ Ke3+ 65. Kg3 Rg2+ 66.
Kh4 g5+ 0-1

[Event "Championnat de Paris open Fide"]
[Site "Paris"]
[Date "2016.07.14"]
[Round "6.15"]
[White "Cotonnec, Melkior"]
[Black "Dubois, Loic"]
[Result "1/2-1/2"]
[WhiteElo "2313"]
[BlackElo "2271"]
[PlyCount "103"]
[EventDate "2016.??.??"]

1. e4 e6 2. d4 d5 3. Nc3 Nf6 4. Bg5 Bb4 5. exd5 Qxd5 6. Bxf6 gxf6 7. Qd2 Qa5 8.
Nge2 Bd7 9. a3 Bb5 10. O-O-O Bxe2 11. Bxe2 Bxc3 12. Qxc3 Qxc3 13. bxc3 Nd7 14.
g4 Nb6 15. c4 Rd8 16. c3 Nc8 17. f4 b6 18. h4 h6 19. Kc2 Nd6 20. Rhe1 Ke7 21.
Kb3 f5 22. c5 bxc5 23. dxc5 Ne4 24. gxf5 Rxd1 25. Bxd1 Nxc5+ 26. Kc4 Kd6 27.
Bh5 Na4 28. fxe6 fxe6 29. Bf7 Nb6+ 30. Kd3 Rf8 31. Bxe6 Rxf4 32. h5 Rf6 33. Bg4
Nd5 34. Re8 Kc5 35. Re5 Kd6 36. Re8 Kc5 37. c4 Nb6 38. Re5+ Kc6 39. Kc3 Rf4 40.
Be2 Rf6 41. Kb4 Nd7 42. Ra5 Kb7 43. Bg4 c5+ 44. Kb3 Ne5 45. Bd1 Nd7 46. Bg4 Ne5
47. Bd1 Nd7 48. Bg4 Ne5 49. Bd1 Nd7 50. Kc3 a6 51. Bg4 Kb6 52. Bxd7 1/2-1/2

[Event "Championnat de Paris open Fide"]
[Site "Paris"]
[Date "2016.07.14"]
[Round "6.16"]
[White "Spielmann, Alain"]
[Black "Eden, James"]
[Result "0-1"]
[WhiteElo "2252"]
[BlackElo "2293"]
[PlyCount "80"]
[EventDate "2016.??.??"]

1. d4 d5 2. c4 c6 3. Nf3 Nf6 4. e3 Bf5 5. Nc3 a6 6. a4 e6 7. Be2 a5 8. O-O Na6
9. Nh4 Bg6 10. Nxg6 hxg6 11. Bf3 Bd6 12. g3 Qe7 13. Bd2 Bb4 14. Qe2 O-O 15.
Rfd1 Rfd8 16. Be1 Nc7 17. Rac1 e5 18. dxe5 Qxe5 19. cxd5 Ncxd5 20. Bg2 Nb6 21.
Rxd8+ Rxd8 22. Rd1 Rxd1 23. Qxd1 Qd6 24. Qxd6 Bxd6 25. Bf3 Bb4 26. Bd1 Kf8 27.
Kf1 Ke7 28. Ke2 Nc4 29. b3 Ne5 30. f4 Ned7 31. e4 Nc5 32. e5 Nfd7 33. Bc2 Ne6
34. Bd1 g5 35. Ke3 g6 36. h4 gxf4+ 37. gxf4 Nb6 38. f5 gxf5 39. h5 Kf8 40. Kd3
Nd7 0-1

[Event "Championnat de Paris open Fide"]
[Site "Paris"]
[Date "2016.07.14"]
[Round "6.17"]
[White "Albaric, Etienne"]
[Black "Alfred, Nathan S W"]
[Result "1/2-1/2"]
[WhiteElo "2209"]
[BlackElo "2264"]
[PlyCount "125"]
[EventDate "2016.??.??"]

1. e4 c5 2. Nf3 d6 3. Bb5+ Bd7 4. Bxd7+ Qxd7 5. c4 g6 6. d4 cxd4 7. Nxd4 Bg7 8.
Nc3 Nc6 9. Be3 Nf6 10. f3 O-O 11. O-O Rac8 12. b3 Rfd8 13. Rc1 b6 14. Qd2 Qb7
15. Rfd1 Ne8 16. Nde2 Nc7 17. Nd5 e6 18. Nxc7 Rxc7 19. Nc3 Rcd7 20. Bg5 f6 21.
Bf4 g5 22. Bg3 a6 23. Qe2 Ne5 24. Bxe5 dxe5 25. Rxd7 Rxd7 26. Qc2 Bf8 27. Rd1
Bc5+ 28. Kf1 h5 29. Rxd7 Qxd7 30. Qd1 Bd4 31. Ne2 h4 32. h3 Kf7 33. Qd3 Qd6 34.
Ke1 Ke7 35. Kd1 Qc5 36. Qd2 Be3 37. b4 Qd6 38. Qxd6+ Kxd6 39. Kc2 Bf2 40. a4 a5
41. bxa5 bxa5 42. Nc1 Kc6 43. Nb3 Kb6 44. Kd3 Bg1 45. Kc3 Bf2 46. Nc1 Bd4+ 47.
Kb3 Be3 48. Nd3 Bd4 49. Ne1 Bf2 50. Nd3 Bd4 51. Kc2 Be3 52. Kd1 Bd4 53. Ke2 Kc6
54. Kf1 Kb6 55. Ke2 Kc6 56. Kd2 Kb6 57. Kc2 Be3 58. Kc3 Kc6 59. Ne1 Bf2 60. Nd3
Bc5 61. Nc1 Bd4+ 62. Kb3 Be3 63. Nd3 1/2-1/2

[Event "Championnat de Paris open Fide"]
[Site "Paris"]
[Date "2016.07.14"]
[Round "6.18"]
[White "Maleki, Manuel"]
[Black "Midonet, Matthieu"]
[Result "0-1"]
[WhiteElo "2248"]
[BlackElo "2213"]
[PlyCount "62"]
[EventDate "2016.??.??"]

1. d4 d5 2. Nf3 Nf6 3. Bf4 e6 4. e3 c5 5. c3 Nc6 6. Nbd2 Bd6 7. Bg3 O-O 8. Ne5
Qc7 9. f4 b6 10. Bd3 Bb7 11. Bh4 Ne4 12. O-O Nxd2 13. Qxd2 f6 14. Nxc6 Bxc6 15.
Qc2 g6 16. Rf3 e5 17. dxe5 fxe5 18. Bxg6 e4 19. Bxe4 dxe4 20. Rg3+ Kh8 21. c4
h6 22. Rd1 Rf7 23. Rg6 Bf8 24. Qf2 Kh7 25. Qg3 Rg7 26. Rxh6+ Kxh6 27. Qh3 Qc8
28. Bg5+ Kg6 29. Qh6+ Kf7 30. Rd8 Qe6 31. Rxa8 Bxa8 0-1

[Event "Championnat de Paris open Fide"]
[Site "Paris"]
[Date "2016.07.14"]
[Round "6.19"]
[White "Louis, Thibault"]
[Black "Mohammad, Fahim"]
[Result "0-1"]
[WhiteElo "2307"]
[BlackElo "2244"]
[PlyCount "44"]
[EventDate "2016.??.??"]

1. e4 c5 2. Nf3 g6 3. c3 Bg7 4. d4 cxd4 5. cxd4 d5 6. e5 Nc6 7. Bb5 Nh6 8.
Bxc6+ bxc6 9. O-O O-O 10. h3 f6 11. exf6 Rxf6 12. Re1 Nf7 13. Nc3 Bf5 14. b3
Qd7 15. Bd2 Rf8 16. Rc1 Bxh3 17. gxh3 Qxh3 18. Re3 Nh6 19. Nh2 Qh4 20. Be1 Rxf2
21. Rh3 Qg5+ 22. Ng4 Rf1+ 0-1

[Event "Championnat de Paris open Fide"]
[Site "Paris"]
[Date "2016.07.14"]
[Round "6.20"]
[White "Aranaz Murillo, Amalia"]
[Black "Rabeyrin, Jean-Jacques"]
[Result "1-0"]
[WhiteElo "2255"]
[BlackElo "2239"]
[PlyCount "73"]
[EventDate "2016.??.??"]

1. Nf3 c5 2. c4 g6 3. d4 cxd4 4. Nxd4 Bg7 5. Nc2 Nf6 6. Nc3 O-O 7. e4 d6 8. Be2
Nc6 9. Be3 b6 10. f3 Bb7 11. Qd2 Rc8 12. O-O Qc7 13. Rac1 Rfd8 14. Rfd1 Qb8 15.
Bh6 Bh8 16. Bg5 Rd7 17. Nd5 Ne8 18. b3 Bg7 19. Bh6 Bh8 20. Qg5 e6 21. Nde3 Nf6
22. Qh4 a5 23. Bg5 Ne8 24. Ng4 Qc7 25. Nce3 h5 26. Nh6+ Kf8 27. Nd5 exd5 28.
cxd5 Qb8 29. dxc6 Rxc6 30. Rxc6 Bxc6 31. Ng4 Kg8 32. Nf6+ Nxf6 33. Bxf6 Bg7 34.
Bxg7 Kxg7 35. Qg5 Qe8 36. Qe3 Qd8 37. Qc3+ 1-0

[Event "Championnat de Paris open Fide"]
[Site "Paris"]
[Date "2016.07.14"]
[Round "6.21"]
[White "Kambrath, Yannick"]
[Black "Gatineau, Yovann"]
[Result "1-0"]
[WhiteElo "2376"]
[BlackElo "2206"]
[PlyCount "52"]
[EventDate "2016.??.??"]

1. d4 Nf6 2. c4 g6 3. d5 c6 4. Nc3 cxd5 5. cxd5 Qa5 6. g3 Bg7 7. Bg2 d6 8. Bd2
O-O 9. e4 Na6 10. Nge2 Bd7 11. O-O b5 12. a3 Rac8 13. Nd4 Qb6 14. Nc6 Bxc6 15.
dxc6 e5 16. Nd5 Qd8 17. Bg5 h6 18. Nxf6+ Bxf6 19. Bxh6 Bg7 20. Be3 Rxc6 21. Qd5
Qc7 22. Rac1 Rc8 23. Bh3 Rxc1 24. Rxc1 Qxc1+ 25. Bxc1 Rxc1+ 26. Kg2 Nc5 1-0

[Event "Championnat de Paris open Fide"]
[Site "Paris"]
[Date "2016.07.14"]
[Round "6.22"]
[White "Pruvot, Louis"]
[Black "Duquesne, Adrien"]
[Result "1-0"]
[WhiteElo "2216"]
[BlackElo "2241"]
[PlyCount "61"]
[EventDate "2016.??.??"]

1. d4 c5 2. d5 e5 3. c4 d6 4. Nc3 g6 5. g3 Bg7 6. Bg2 f5 7. e4 Nf6 8. Nge2 O-O
9. O-O Nbd7 10. Qc2 fxe4 11. Bg5 h6 12. Bd2 Kh7 13. Rad1 Qe8 14. Nb5 Qe7 15. b3
a6 16. Nbc3 Qf7 17. h3 Rb8 18. g4 b5 19. Ng3 Rd8 20. g5 b4 21. Ncxe4 Nxe4 22.
Nxe4 Qe7 23. f4 Rf8 24. Ng3 hxg5 25. f5 Nb6 26. fxg6+ Kg8 27. Rxf8+ Bxf8 28.
Rf1 Qd8 29. g7 Bxg7 30. Qg6 Rb7 31. Be4 1-0

[Event "Championnat de Paris open Fide"]
[Site "Paris"]
[Date "2016.07.15"]
[Round "7.1"]
[White "Moussard, Jules"]
[Black "Shirazi, Kamran"]
[Result "1-0"]
[WhiteElo "2521"]
[BlackElo "2350"]
[PlyCount "81"]
[EventDate "2016.??.??"]

1. Nf3 Nf6 2. d4 d6 3. Bf4 c5 4. dxc5 e5 5. Bg5 h6 6. Bxf6 Qxf6 7. e4 Nc6 8.
Bb5 dxc5 9. Nc3 Bd6 10. Qd5 O-O 11. Bxc6 bxc6 12. Qxc6 Bg4 13. O-O-O Rfd8 14.
Nd5 Qe6 15. Qa6 Kh8 16. Ne3 Bxf3 17. gxf3 Rd7 18. Rd5 Rdd8 19. Rhd1 Be7 20.
Qxe6 fxe6 21. Rxd8+ Bxd8 22. Rd6 Bh4 23. Ng4 Re8 24. Kd1 h5 25. Nxe5 Bxf2 26.
Ke2 Bg1 27. h3 Bh2 28. Rd8 Rxd8 29. Nf7+ Kh7 30. Nxd8 Kg6 31. Nxe6 c4 32. b3
cxb3 33. cxb3 Kf6 34. Nc5 Ke5 35. Nd3+ Kd4 36. e5 Kd5 37. f4 g6 38. Kf3 Bg1 39.
Nf2 Bh2 40. h4 Ke6 41. Nh3 1-0

[Event "Championnat de Paris open Fide"]
[Site "Paris"]
[Date "2016.07.15"]
[Round "7.2"]
[White "Sochacki, Christophe"]
[Black "Fedorchuk, Sergey A"]
[Result "0-1"]
[WhiteElo "2414"]
[BlackElo "2624"]
[PlyCount "70"]
[EventDate "2016.??.??"]

1. e4 c5 2. Nf3 e6 3. c3 d5 4. e5 d4 5. Bd3 Bd7 6. Na3 Bc6 7. Nc2 g5 8. h3 Bg7
9. cxd4 h5 10. Qe2 Ne7 11. dxc5 Nd5 12. g3 h4 13. Bb5 hxg3 14. fxg3 g4 15. Ng1
Qa5 16. Qxg4 Bxe5 17. a4 a6 18. Nf3 Qc7 19. Bxc6+ Nxc6 20. Rg1 O-O-O 21. Nxe5
Nxe5 22. Qe2 Rxh3 23. d4 Nc6 24. Bd2 Rxg3 25. Qf2 Rxg1+ 26. Qxg1 Nf4 27. Ra3
Nxd4 28. Nxd4 Qe5+ 29. Re3 Qxd4 30. Qh2 Qxa4 31. Bc3 Qd1+ 32. Kf2 Qc2+ 33. Kg1
Rg8+ 34. Kh1 Qd1+ 35. Be1 Qd5+ 0-1

[Event "Championnat de Paris open Fide"]
[Site "Paris"]
[Date "2016.07.15"]
[Round "7.3"]
[White "Philippe, Guillaume"]
[Black "Abergel, Thal"]
[Result "0-1"]
[WhiteElo "2321"]
[BlackElo "2457"]
[PlyCount "80"]
[EventDate "2016.??.??"]

1. e4 c5 2. Nf3 d6 3. d4 cxd4 4. Nxd4 Nf6 5. Nc3 a6 6. Bc4 Nbd7 7. Be3 Qc7 8.
Bb3 e6 9. g4 Nc5 10. f3 b5 11. g5 Nfd7 12. Qe2 Be7 13. O-O-O Nxb3+ 14. axb3 b4
15. Na4 Nc5 16. h4 Bd7 17. Kb1 Bxa4 18. bxa4 Nxa4 19. h5 O-O 20. g6 Bf6 21. h6
fxg6 22. hxg7 Rfe8 23. Qh2 Qxg7 24. Qxd6 Rad8 25. Qc6 Qd7 26. f4 Qxc6 27. Nxc6
Rxd1+ 28. Rxd1 Nxb2 29. Rd7 Nc4 30. Bd4 Nd2+ 31. Kc1 Nxe4 32. Bxf6 Nxf6 33. Ra7
Nd5 34. Rxa6 Nxf4 35. Nxb4 h5 36. Kd2 h4 37. Ke3 Rf8 38. c4 h3 39. c5 h2 40.
Ra1 Nh5 0-1

[Event "Championnat de Paris open Fide"]
[Site "Paris"]
[Date "2016.07.15"]
[Round "7.4"]
[White "Hemant, Sharma Del"]
[Black "Loiseau, Quentin"]
[Result "1/2-1/2"]
[WhiteElo "2299"]
[BlackElo "2436"]
[PlyCount "109"]
[EventDate "2016.??.??"]

1. e4 e5 2. Nf3 Nc6 3. Nc3 Nf6 4. Bb5 Nd4 5. Nxd4 exd4 6. e5 dxc3 7. exf6 Qxf6
8. dxc3 Bc5 9. Qe2+ Qe6 10. Bf4 c6 11. Bd3 O-O 12. O-O Qxe2 13. Bxe2 d5 14.
Rfe1 Bf5 15. Bd3 Bxd3 16. cxd3 Rfe8 17. d4 Bf8 18. f3 f6 19. Kf2 Kf7 20. Rxe8
Rxe8 21. Re1 Be7 22. Re2 b5 23. b4 Bd8 24. Rxe8 Kxe8 25. g4 a5 26. a3 a4 27. h4
g6 28. Kg3 Kf7 29. Kh3 Ke6 30. Kg3 h5 31. Kh3 Be7 32. Kg3 Bf8 33. Kh3 Kd7 34.
Kg3 Bg7 35. Kf2 Ke6 36. Kg3 Ke7 37. Kh3 Kd7 38. Kg2 f5 39. g5 c5 40. Be3 cxb4
41. cxb4 f4 42. Bf2 Bf8 43. Be1 Ke6 44. Kh3 Kf5 45. Bd2 Bd6 46. Kg2 Be7 47. Kh3
Bd8 48. Bc1 Bb6 49. Bb2 Bd8 50. Bc1 Bb6 51. Bb2 Bd8 52. Bc3 Bb6 53. Ba1 Bd8 54.
Bc3 Bb6 55. Bb2 1/2-1/2

[Event "Championnat de Paris open Fide"]
[Site "Paris"]
[Date "2016.07.15"]
[Round "7.5"]
[White "Song, Julien"]
[Black "Moiseenko, Alexander"]
[Result "0-1"]
[WhiteElo "2338"]
[BlackElo "2649"]
[PlyCount "76"]
[EventDate "2016.??.??"]

1. Nf3 c5 2. c4 Nc6 3. Nc3 g6 4. e3 Bg7 5. d4 Nf6 6. d5 Na5 7. Be2 d6 8. h3 O-O
9. O-O e5 10. a3 b6 11. Nd2 Nd7 12. b4 Nb7 13. Bb2 f5 14. f4 Qe7 15. Kh2 Nd8
16. Nb3 Nf7 17. Nb5 Nf6 18. bxc5 bxc5 19. Na5 a6 20. Nc3 Bd7 21. Rb1 Qd8 22.
Nc6 Qe8 23. Na5 Rb8 24. Ba1 Rxb1 25. Qxb1 g5 26. Bd3 gxf4 27. exf4 Nh6 28. Nb7
exf4 29. Ne2 Qe3 30. Rf3 Qe7 31. Na5 Nfg4+ 32. hxg4 Bxa1 33. Qxa1 fxg4 34. Rxf4
Rxf4 35. Nxf4 g3+ 36. Kxg3 Qe3+ 37. Kh2 Ng4+ 38. Kh1 Qxf4 0-1

[Event "Championnat de Paris open Fide"]
[Site "Paris"]
[Date "2016.07.15"]
[Round "7.6"]
[White "Bergez, Luc"]
[Black "Satyapragyan, Swayangsu"]
[Result "0-1"]
[WhiteElo "2341"]
[BlackElo "2467"]
[PlyCount "50"]
[EventDate "2016.??.??"]

1. e4 e5 2. Nc3 Nf6 3. g3 d5 4. exd5 Nxd5 5. Bg2 Nxc3 6. bxc3 Nc6 7. d3 Bc5 8.
Be3 Bb6 9. c4 O-O 10. Ne2 f5 11. O-O f4 12. gxf4 Bg4 13. Bxb6 axb6 14. f3 Bd7
15. fxe5 Nxe5 16. Qd2 Qh4 17. Qe3 Rae8 18. Qd4 Qh6 19. Rae1 c5 20. Qd5+ Kh8 21.
Qxb7 Bc6 22. Qxb6 Nxf3+ 23. Bxf3 Qe3+ 24. Rf2 Rxf3 25. Ref1 Qg5+ 0-1

[Event "Championnat de Paris open Fide"]
[Site "Paris"]
[Date "2016.07.15"]
[Round "7.7"]
[White "Sundararajan, Kidambi"]
[Black "Justo, Damian"]
[Result "0-1"]
[WhiteElo "2456"]
[BlackElo "2304"]
[PlyCount "84"]
[EventDate "2016.??.??"]

1. d4 Nf6 2. c4 c5 3. e3 g6 4. Nf3 Bg7 5. Nc3 O-O 6. Be2 cxd4 7. exd4 d5 8. O-O
Nc6 9. h3 dxc4 10. Bxc4 Na5 11. Bd3 b6 12. Re1 Bb7 13. Bg5 Re8 14. Ne5 Nd5 15.
Nxd5 Bxd5 16. Bh4 f6 17. Ng4 Nc4 18. Qe2 Nd6 19. Ne3 Bf7 20. d5 Qd7 21. Bg3
Rac8 22. Rad1 Rc5 23. h4 a5 24. h5 Rec8 25. hxg6 hxg6 26. Qf3 Kf8 27. Bf4 Ne8
28. Bh2 Qa4 29. Qg3 f5 30. Bxf5 gxf5 31. Nxf5 Bh5 32. Rd3 Qe4 33. Rde3 Qxf5 34.
Rxe7 Bf6 35. Qe3 Bxe7 36. Qxe7+ Kg8 37. d6 Rc1 38. Bg3 Rxe1+ 39. Qxe1 Nf6 40.
f3 Bf7 41. Be5 Nd7 42. Bd4 Qg5 0-1

[Event "Championnat de Paris open Fide"]
[Site "Paris"]
[Date "2016.07.15"]
[Round "7.8"]
[White "Msellek, Ilyass"]
[Black "Belkhodja, Slim"]
[Result "1/2-1/2"]
[WhiteElo "2209"]
[BlackElo "2417"]
[PlyCount "119"]
[EventDate "2016.??.??"]

1. e4 c5 2. Nf3 Nc6 3. Bb5 e6 4. Bxc6 bxc6 5. O-O Ne7 6. Nc3 Ng6 7. d3 e5 8.
Ne2 d5 9. Ng3 Bd6 10. h3 f6 11. Nf5 Bxf5 12. exf5 Ne7 13. Nh4 g5 14. Qh5+ Kd7
15. Nf3 Qe8 16. Qxe8+ Raxe8 17. g4 h5 18. Re1 hxg4 19. hxg4 Rh3 20. Kg2 Reh8
21. Bd2 R3h7 22. Re2 Ng8 23. Rg1 Nh6 24. Kf1 Nf7 25. Bc3 Bc7 26. b3 Rh3 27. Kg2
Kc8 28. Ree1 Kd7 29. Re2 R3h6 30. Nd2 Rh2+ 31. Kf1 R2h3 32. f3 Bb6 33. Ke1 c4
34. Rf1 cxd3 35. cxd3 Nd6 36. a4 a5 37. Kd1 Rh2 38. Rfe1 Nb7 39. Rxh2 Rxh2 40.
Re2 Rh1+ 41. Kc2 Bc5 42. Bb2 Rh3 43. Bc3 Bb6 44. Bb2 c5 45. Ba3 Nd8 46. Bc1 Nc6
47. Bb2 Kd6 48. Bc3 Nb4+ 49. Bxb4 cxb4 50. Kd1 Bd4 51. Rg2 Be3 52. Nf1 Bf4 53.
Rf2 Kc5 54. Rc2+ Kd4 55. Ke2 Rh8 56. Rc6 Re8 57. Rc2 e4 58. fxe4 dxe4 59. Rc4+
Kd5 60. Ne3+ 1/2-1/2

[Event "Championnat de Paris open Fide"]
[Site "Paris"]
[Date "2016.07.15"]
[Round "7.9"]
[White "Mohammad Nubairshah"]
[Black "Gahan M G"]
[Result "1-0"]
[WhiteElo "2415"]
[BlackElo "2249"]
[PlyCount "87"]
[EventDate "2016.??.??"]

1. c4 Nf6 2. Nc3 e5 3. Nf3 Nc6 4. g3 d5 5. cxd5 Nxd5 6. Bg2 Nb6 7. O-O Be7 8.
a3 O-O 9. b4 f6 10. d3 Be6 11. Rb1 a5 12. b5 Nd4 13. Nd2 Nd5 14. Bxd5 Bxd5 15.
e3 Be6 16. exd4 Qxd4 17. Nde4 Rad8 18. Be3 Qxd3 19. Qa4 b6 20. Rfd1 Qc4 21.
Qxc4 Bxc4 22. f4 Bxa3 23. fxe5 fxe5 24. Bg5 Rd4 25. Be3 Rdd8 26. Rd2 Bb4 27.
Rbd1 Rc8 28. Kg2 h6 29. h3 Bb3 30. Rb1 Be6 31. g4 Rf7 32. Rc1 Rcf8 33. Bg1 Rf3
34. Bh2 Re3 35. Bg1 Ref3 36. Rf2 Rxf2+ 37. Nxf2 Rd8 38. Bh2 Rd2 39. Bxe5 Bc5
40. Nce4 Bd5 41. Kf1 Ba3 42. Rxc7 Bxe4 43. Nxe4 Rd5 44. Bxg7 1-0

[Event "Championnat de Paris open Fide"]
[Site "Paris"]
[Date "2016.07.15"]
[Round "7.10"]
[White "Manoeuvre, Antoine"]
[Black "Konguvel, Ponnuswamy"]
[Result "1/2-1/2"]
[WhiteElo "2314"]
[BlackElo "2379"]
[PlyCount "57"]
[EventDate "2016.??.??"]

1. d4 Nf6 2. c4 g6 3. Nc3 d5 4. Bg5 Bg7 5. Bxf6 Bxf6 6. cxd5 c5 7. dxc5 Nd7 8.
e3 O-O 9. Bd3 Nxc5 10. Nge2 e6 11. Bc4 exd5 12. Bxd5 Qb6 13. Qc2 Bd7 14. O-O
Rac8 15. Rfd1 Bg4 16. Re1 Qa6 17. h3 Bd7 18. Ne4 Nxe4 19. Qxe4 Bxb2 20. Bxb7
Qc4 21. Qxc4 Rxc4 22. Rab1 Rb4 23. Bd5 Rfb8 24. Bb3 Be5 25. Red1 Be6 26. Nd4
Bxd4 27. Rxd4 Rxd4 28. exd4 Rb4 29. Ra1 1/2-1/2

[Event "Championnat de Paris open Fide"]
[Site "Paris"]
[Date "2016.07.15"]
[Round "7.11"]
[White "Eggleston, David J"]
[Black "Micottis, Dorian"]
[Result "1-0"]
[WhiteElo "2376"]
[BlackElo "2248"]
[PlyCount "71"]
[EventDate "2016.??.??"]

1. e4 c5 2. Nc3 e6 3. Nge2 a6 4. d4 cxd4 5. Nxd4 Qc7 6. Bd3 Nc6 7. Nxc6 dxc6 8.
O-O e5 9. f4 Nf6 10. Kh1 Bc5 11. Qe1 Ng4 12. Be2 h5 13. Bxg4 hxg4 14. f5 Bd7
15. Qg3 O-O-O 16. Qxg4 g6 17. h3 Rdg8 18. Qf3 f6 19. Be3 Bd4 20. fxg6 Rxg6 21.
Bxd4 exd4 22. Ne2 Bg4 23. Qd3 Bd7 24. Nf4 Rg4 25. e5 f5 26. Qxd4 c5 27. Qd6
Qxd6 28. exd6 Bc6 29. Rf2 Rhh4 30. Raf1 Kd7 31. Kg1 Rg7 32. Rd1 b6 33. Rdd2 Rh6
34. Nd5 Rxh3 35. Nxb6+ Ke6 36. d7 1-0

[Event "Championnat de Paris open Fide"]
[Site "Paris"]
[Date "2016.07.15"]
[Round "7.12"]
[White "Eden, James"]
[Black "Cotonnec, Melkior"]
[Result "1-0"]
[WhiteElo "2293"]
[BlackElo "2313"]
[PlyCount "69"]
[EventDate "2016.??.??"]

1. e4 e6 2. d4 d5 3. Nc3 Bb4 4. e5 c5 5. a3 Bxc3+ 6. bxc3 Qa5 7. Bd2 Qa4 8. Qg4
g6 9. Nf3 Nc6 10. Be2 h6 11. O-O Qxc2 12. dxc5 Qe4 13. Qxe4 dxe4 14. Nd4 Nxe5
15. Bf4 Nd7 16. Nb5 Kf8 17. Bd6+ Ne7 18. Nc7 Rb8 19. Rab1 f5 20. Nxe6+ Kf7 21.
Bc4 Kf6 22. Bxb8 Nxb8 23. Rfd1 Ke5 24. Nd8 Rf8 25. Nxb7 Nbc6 26. Nd6 f4 27.
Nxc8 Rxc8 28. Rb7 e3 29. fxe3 fxe3 30. Rd6 Nf5 31. Re6+ Kf4 32. g3+ Kg5 33. h4+
Kg4 34. Kg2 Nd8 35. Be2# 1-0

[Event "Championnat de Paris open Fide"]
[Site "Paris"]
[Date "2016.07.15"]
[Round "7.13"]
[White "Dubois, Loic"]
[Black "Antonio, Viani D'Cunha"]
[Result "0-1"]
[WhiteElo "2271"]
[BlackElo "2305"]
[PlyCount "56"]
[EventDate "2016.??.??"]

1. e4 c5 2. Nc3 a6 3. f4 b5 4. Nf3 Bb7 5. d3 e6 6. g3 d5 7. exd5 exd5 8. d4 Nf6
9. Bg2 b4 10. Ne2 Bd6 11. O-O O-O 12. h3 Re8 13. Kh2 Nc6 14. dxc5 Bxc5 15. Ned4
Nxd4 16. Nxd4 a5 17. c3 bxc3 18. bxc3 Ne4 19. Bb2 a4 20. Rb1 Ba6 21. Re1 Bc4
22. a3 Qb6 23. Qg4 Nf6 24. Rxe8+ Rxe8 25. Qf5 Ba2 26. Rc1 Qxb2 27. Rc2 Qb1 28.
g4 Bb3 0-1

[Event "Championnat de Paris open Fide"]
[Site "Paris"]
[Date "2016.07.15"]
[Round "7.14"]
[White "Midonet, Matthieu"]
[Black "Kulkarni, Rakesh"]
[Result "1-0"]
[WhiteElo "2213"]
[BlackElo "2296"]
[PlyCount "119"]
[EventDate "2016.??.??"]

1. e4 c5 2. Nf3 e6 3. b3 b6 4. Bb2 Bb7 5. e5 d6 6. Bd3 Nc6 7. O-O dxe5 8. Be4
Nf6 9. Bxc6+ Bxc6 10. Nxe5 Bb7 11. Qe2 a6 12. Rd1 Qc7 13. d4 Rd8 14. Nd2 cxd4
15. Ndf3 Bc5 16. Bxd4 Bxd4 17. Rxd4 Rxd4 18. Nxd4 Ne4 19. Nef3 O-O 20. c4 Rd8
21. Qe3 Qc5 22. Re1 h6 23. h3 Ng5 24. a4 Ne4 25. Nc2 Qxe3 26. Rxe3 f6 27. Kf1
Nd2+ 28. Nxd2 Rxd2 29. Ne1 Rb2 30. Rc3 Be4 31. f3 Bb1 32. Nd3 Rd2 33. Nf4 Kf7
34. Re3 Rd6 35. Ke2 a5 36. Rc3 g5 37. Nh5 Bh7 38. Ng3 e5 39. Nf1 e4 40. Ne3
exf3+ 41. Kxf3 Rc6 42. Nd5 Bf5 43. Re3 Be6 44. Ke4 h5 45. Kd4 Rd6 46. Rf3 Bd7
47. Rf1 Re6 48. Rf2 Kg6 49. Rf3 Rd6 50. Re3 Be6 51. Re2 Kf7 52. Re1 Kg6 53. Rb1
Kf5 54. Rf1+ Kg6 55. Rxf6+ Kg7 56. Ke5 Bxd5 57. Rxd6 Bxg2 58. Kf5 g4 59. h4 Bf3
60. Kf4 1-0

[Event "Championnat de Paris open Fide"]
[Site "Paris"]
[Date "2016.07.15"]
[Round "7.15"]
[White "Salles, Louis"]
[Black "Bellahcene, Bilel"]
[Result "1-0"]
[WhiteElo "2207"]
[BlackElo "2498"]
[PlyCount "39"]
[EventDate "2016.??.??"]

1. e4 c5 2. Nf3 d6 3. d4 cxd4 4. Nxd4 Nf6 5. Nc3 a6 6. h3 e6 7. g4 Be7 8. g5
Nfd7 9. h4 b5 10. a3 Bb7 11. Be3 Nb6 12. f4 N8d7 13. f5 e5 14. Ne6 Qc8 15.
Nxg7+ Kd8 16. f6 Bf8 17. Bh3 Nc4 18. Qf3 Nxe3 19. Qxe3 Qc5 20. Nf5 1-0

[Event "Championnat de Paris open Fide"]
[Site "Paris"]
[Date "2016.07.15"]
[Round "7.16"]
[White "Roser, Kevin"]
[Black "Albaric, Etienne"]
[Result "1-0"]
[WhiteElo "2394"]
[BlackElo "2209"]
[PlyCount "99"]
[EventDate "2016.??.??"]

1. e4 c5 2. Nf3 Nc6 3. d4 cxd4 4. Nxd4 Nf6 5. Nc3 d6 6. Bg5 e6 7. Qd2 a6 8.
O-O-O Bd7 9. f4 h6 10. Bh4 Nxe4 11. Qe1 Nf6 12. Nf5 Qa5 13. Nxd6+ Bxd6 14. Rxd6
Ne7 15. Rd1 Ng6 16. Bxf6 gxf6 17. g3 O-O-O 18. Bg2 Kb8 19. Qf2 Ne7 20. a3 f5
21. Qe2 Bc6 22. Bxc6 Nxc6 23. Qh5 Qc7 24. Rxd8+ Nxd8 25. Qh4 Nc6 26. Qf6 Rh7
27. Rd1 Qe7 28. Qxe7 Nxe7 29. Rd7 Nc8 30. Na4 b6 31. c4 h5 32. c5 b5 33. Nc3 h4
34. Ne2 hxg3 35. hxg3 Na7 36. Nd4 Rh3 37. Rxf7 Rxg3 38. Nxe6 Nc6 39. Rxf5 b4
40. Rf8+ Kb7 41. Rf7+ Kb8 42. axb4 Nxb4 43. f5 Rg2 44. f6 Nd3+ 45. Kb1 Rxb2+
46. Ka1 Rc2 47. Rf8+ Kb7 48. c6+ Kb6 49. Rb8+ Ka5 50. f7 1-0

[Event "Championnat de Paris open Fide"]
[Site "Paris"]
[Date "2016.07.15"]
[Round "7.17"]
[White "Mohammad, Fahim"]
[Black "Iglesias, Joachim"]
[Result "1/2-1/2"]
[WhiteElo "2244"]
[BlackElo "2281"]
[PlyCount "26"]
[EventDate "2016.??.??"]

1. d4 d6 2. Nf3 Nf6 3. c4 Nbd7 4. Nc3 e5 5. e4 Be7 6. Be2 O-O 7. O-O c6 8. Qc2
Qe8 9. d5 Bd8 10. Rd1 Qe7 11. Be3 Bb6 12. Bxb6 Nxb6 13. b4 cxd5 1/2-1/2